[Event "Mittelfranken-chTB1 1819"]
[Site "Mittelfranken"]
[Date "2019.03.03"]
[Round "6.6"]
[White "Weh, Peter"]
[Black "Mueller, Ralf Reiner"]
[Result "1-0"]
[WhiteElo "1747"]
[BlackElo "1936"]
[PlyCount "97"]
[EventDate "2018.10.14"]
[EventType "team-tourn"]
[EventRounds "9"]
[EventCountry "GER"]
[SourceTitle "EXT 2022"]
[Source "ChessBase"]
[SourceDate "2021.10.06"]
[SourceVersion "1"]
[SourceVersionDate "2021.10.06"]
[SourceQuality "1"]
[WhiteTeam "Erlangen Siemens"]
[BlackTeam "Erlangen SC III"]
[WhiteTeamCountry "GER"]
[BlackTeamCountry "GER"]

1. c4 b6 2. Nc3 Bb7 3. d3 e6 4. e3 f5 5. Nf3 Nf6 6. Be2 Bb4 7. Bd2 0-0 8. 0-0 c5 9. a3 Ba5 10. Nb5 Bxd2 11. Nxd2 d6 12. Nc3 Nc6 13. Bf3 Qe7 14. g3 Rad8 15. e4 Ne5 16. Be2 h5 17. exf5 exf5 18. Nf3 Qe8 19. d4 Bxf3 20. Bxf3 cxd4 21. Nd5 Nxf3+ 22. Qxf3 Qe4 23. Nxf6+ Rxf6 24. Qxh5 Rh6 25. Qg5 Rf8 26. Rfe1 Qc2 27. Re7 Rf7 28. Rae1 Rhf6 29. Re8+ Rf8 30. R1e7 Qb1+ 31. Kg2 Qe4+ 32. Rxe4 fxe4 33. Rxf8+ Kxf8 34. Qd2 d3 35. f4 Re6 36. Kf2 b5 37. b3 bxc4 38. bxc4 d5 39. cxd5 Rd6 40. Ke3 Rxd5 41. Kxe4 Rd7 42. Qxd3 Rxd3 43. Kxd3 Ke7 44. g4 Kd6 45. Kd4 g6 46. h3 a6 47. a4 a5 48. h4 Ke6 49. Kc5 1-0

[Event "Regionalliga NO 1516"]
[Site "Bayern"]
[Date "2016.02.21"]
[Round "7.7"]
[White "Mueller, Ralf Reiner"]
[Black "Lechner, Hans Dieter"]
[Result "1-0"]
[WhiteElo "1961"]
[BlackElo "1778"]
[PlyCount "99"]
[EventDate "2015.10.11"]
[EventType "team-tourn"]
[EventRounds "9"]
[EventCountry "GER"]
[SourceTitle "EXT 2018"]
[Source "ChessBase"]
[SourceDate "2017.10.13"]
[SourceVersion "1"]
[SourceVersionDate "2017.10.13"]
[SourceQuality "1"]
[WhiteTeam "Erlangen SC II"]
[BlackTeam "Bechhofen"]
[WhiteTeamCountry "GER"]
[BlackTeamCountry "GER"]

1. e4 c5 2. Nf3 Nc6 3. d4 cxd4 4. Nxd4 Nf6 5. Nc3 d6 6. h3 g6 7. Be3 Bg7 8. g4 h6 9. Qd2 a6 10. 0-0-0 Bd7 11. f4 Nxd4 12. Bxd4 Bc6 13. Bg2 Qa5 14. e5 dxe5 15. fxe5 Nd7 16. e6 Nf6 17. Bxc6+ bxc6 18. Rhe1 0-0 19. Re5 Qc7 20. Rde1 Rad8 21. Qe3 Nd5 22. Nxd5 Rxd5 23. Rxd5 cxd5 24. Bxg7 Kxg7 25. Qd4+ f6 26. Qxd5 Rd8 27. Qe4 Qd6 28. a3 Qd2+ 29. Kb1 Rd6 30. Re2 Qa5 31. c4 Qb6 32. Ka2 a5 33. h4 Rd4 34. Qa8 Rd3 35. Re1 Qb3+ 36. Ka1 Rd2 37. Rb1 Qxc4 38. Qxa5 Rd6 39. g5 Qxh4 40. gxh6+ Qxh6 41. Qa8 Qd2 42. Rh1 Rd8 43. Qa7 Qd6 44. Qe3 f5 45. Qc3+ Qd4 46. Qh3 Qa4 47. Qh7+ Kf6 48. Qf7+ Ke5 49. Qg7+ Kf4 50. Rh4+ 1-0

[Event "Regionalliga NO 1516"]
[Site "Bayern"]
[Date "2015.10.11"]
[Round "1.7"]
[White "Dechant, Georg"]
[Black "Mueller, Ralf Reiner"]
[Result "1-0"]
[WhiteElo "1919"]
[BlackElo "1961"]
[PlyCount "73"]
[EventDate "2015.10.11"]
[EventType "team-tourn"]
[EventRounds "9"]
[EventCountry "GER"]
[SourceTitle "EXT 2018"]
[Source "ChessBase"]
[SourceDate "2017.10.13"]
[SourceVersion "1"]
[SourceVersionDate "2017.10.13"]
[SourceQuality "1"]
[WhiteTeam "Regensburg Bavaria"]
[BlackTeam "Erlangen SC II"]
[WhiteTeamCountry "GER"]
[BlackTeamCountry "GER"]

1. e4 Nf6 2. e5 Nd5 3. d4 d6 4. Nf3 Bg4 5. Be2 e6 6. c4 Nb6 7. exd6 cxd6 8. 0-0 Nc6 9. b3 Be7 10. Be3 0-0 11. Nc3 d5 12. c5 Nc8 13. Rc1 Bf6 14. h3 Bxf3 15. Bxf3 N8e7 16. Ne2 Nf5 17. Kh1 Qa5 18. Bd2 Qc7 19. Bc3 b5 20. Qd3 b4 21. Bb2 a5 22. Bxd5 Rfd8 23. Be4 Nfxd4 24. Bxd4 Bxd4 25. Nxd4 Rxd4 26. Qxd4 Nxd4 27. Bxa8 f5 28. c6 Kf7 29. Rfd1 e5 30. f4 Kf6 31. fxe5+ Qxe5 32. c7 Ne2 33. c8Q Ng3+ 34. Kg1 Qe3+ 35. Kh2 Qf4 36. Qd8+ Kg6 37. Qd6+ 1-0

[Event "Regionalliga NO 1415"]
[Site "Bayern"]
[Date "2015.03.15"]
[Round "8.6"]
[White "Mueller, Ralf Reiner"]
[Black "Hein, Manfred"]
[Result "1-0"]
[WhiteElo "1961"]
[BlackElo "1818"]
[PlyCount "89"]
[EventDate "2014.10.19"]
[EventType "team-tourn"]
[EventRounds "9"]
[EventCountry "GER"]
[SourceTitle "EXT 2018"]
[Source "ChessBase"]
[SourceDate "2017.10.13"]
[SourceVersion "1"]
[SourceVersionDate "2017.10.13"]
[SourceQuality "1"]
[WhiteTeam "Erlangen SC II"]
[BlackTeam "Gunzenhausen"]
[WhiteTeamCountry "GER"]
[BlackTeamCountry "GER"]

1. d4 d5 2. c4 c6 3. Nc3 Nf6 4. Bf4 e6 5. e3 Bd6 6. Bxd6 Qxd6 7. Nf3 Qb4 8. a3 Qa5 9. b4 Qc7 10. Bd3 Nbd7 11. 0-0 dxc4 12. Bxc4 Nb6 13. Ba2 Nbd5 14. Rc1 Nxc3 15. Rxc3 Ne4 16. Rc2 Qe7 17. Qd3 Nd6 18. Bb1 g6 19. Rd1 0-0 20. e4 a6 21. e5 Nf5 22. g4 Nh4 23. Nd2 f5 24. Qg3 fxg4 25. Qxg4 Nf5 26. Ne4 Qh4 27. h3 Qxg4+ 28. hxg4 Ne7 29. Ba2 Kg7 30. Kg2 Rb8 31. Kg3 Nd5 32. Bxd5 exd5 33. Nf6 Be6 34. f4 h6 35. Rf1 Rbd8 36. Rg2 Bc8 37. f5 gxf5 38. gxf5 Kf7 39. Kf4 Ke7 40. Rh1 Rh8 41. Rg7+ Kf8 42. Rc7 h5 43. e6 Bxe6 44. fxe6 Rb8 45. Rf7# 1-0

[Event "Regionalliga NO 1415"]
[Site "Bayern"]
[Date "2014.11.09"]
[Round "2.5"]
[White "Herrmann, Jens"]
[Black "Mueller, Ralf Reiner"]
[Result "1-0"]
[WhiteElo "2008"]
[BlackElo "1961"]
[PlyCount "86"]
[EventDate "2014.10.19"]
[EventType "team-tourn"]
[EventRounds "9"]
[EventCountry "GER"]
[SourceTitle "EXT 2018"]
[Source "ChessBase"]
[SourceDate "2017.10.13"]
[SourceVersion "1"]
[SourceVersionDate "2017.10.13"]
[SourceQuality "1"]
[WhiteTeam "Forchheim II"]
[BlackTeam "Erlangen SC II"]
[WhiteTeamCountry "GER"]
[BlackTeamCountry "GER"]

1. Nc3 Nf6 2. e4 d5 3. e5 Nfd7 4. f4 Nb6 5. g3 h5 6. Nf3 Bg4 7. h3 Bxf3 8. Qxf3 d4 9. Nd1 Qd5 10. Bg2 e6 11. c4 Qxf3 12. Bxf3 c6 13. b3 Na6 14. Nf2 0-0-0 15. Ke2 f6 16. exf6 gxf6 17. d3 f5 18. Bd2 Bg7 19. g4 hxg4 20. hxg4 Nd7 21. Rag1 Bf6 22. Kd1 Bh4 23. Nh3 Nac5 24. Kc2 fxg4 25. Rxg4 Nf6 26. Rgg1 Rdg8 27. b4 Ncd7 28. Ng5 e5 29. Nf7 Rxg1 30. Rxg1 Rh7 31. Nxe5 Nxe5 32. fxe5 Nd7 33. Bg4 Kc7 34. Bxd7 Kxd7 35. Rh1 Rh8 36. Bg5 Rh5 37. Bxh4 a5 38. a3 axb4 39. axb4 Rxe5 40. Re1 Rh5 41. Re4 c5 42. bxc5 Rxc5 43. Rxd4+ Kc6 1-0

[Event "Regionalliga NO 1415"]
[Site "Bayern"]
[Date "2014.10.19"]
[Round "1.6"]
[White "Bunk, Wolfgang"]
[Black "Mueller, Ralf Reiner"]
[Result "0-1"]
[WhiteElo "1966"]
[BlackElo "1961"]
[PlyCount "54"]
[EventDate "2014.10.19"]
[EventType "team-tourn"]
[EventRounds "9"]
[EventCountry "GER"]
[SourceTitle "EXT 2018"]
[Source "ChessBase"]
[SourceDate "2017.10.13"]
[SourceVersion "1"]
[SourceVersionDate "2017.10.13"]
[SourceQuality "1"]
[WhiteTeam "Regensburg Bavaria"]
[BlackTeam "Erlangen SC II"]
[WhiteTeamCountry "GER"]
[BlackTeamCountry "GER"]

1. e4 Nf6 2. e5 Nd5 3. Nc3 Nxc3 4. dxc3 Nc6 5. Nf3 d6 6. Bb5 Bd7 7. Qe2 e6 8. Bf4 Be7 9. 0-0-0 a6 10. Bxc6 Bxc6 11. Kb1 b5 12. h4 h6 13. g4 Qb8 14. g5 Qb7 15. Rh3 0-0-0 16. exd6 cxd6 17. Bc1 e5 18. gxh6 gxh6 19. Rg1 Rdg8 20. Rxg8+ Rxg8 21. Bxh6 Bxf3 22. Rxf3 Rg1+ 23. Bc1 Bxh4 24. Rf5 Qh1 25. Qe3 Re1 26. Qh6 Be7 27. Rh5 Rxc1+ 0-1

[Event "Mittelfranken-chTB1 1314"]
[Site "Mittelfranken"]
[Date "2014.03.30"]
[Round "8.7"]
[White "Mueller, Ralf Reiner"]
[Black "Blank, Helmut"]
[Result "1-0"]
[WhiteElo "1961"]
[BlackElo "1922"]
[PlyCount "73"]
[EventDate "2013.10.20"]
[EventType "team-tourn"]
[EventRounds "9"]
[EventCountry "GER"]
[SourceTitle "EXT 2020"]
[Source "ChessBase"]
[SourceDate "2019.10.17"]
[SourceVersion "1"]
[SourceVersionDate "2019.10.17"]
[SourceQuality "1"]
[WhiteTeam "Erlangen SC II"]
[BlackTeam "Nuernberg Zabo"]
[WhiteTeamCountry "GER"]
[BlackTeamCountry "GER"]

1. Nf3 d5 2. d4 Nf6 3. g3 e6 4. Bg2 Be7 5. 0-0 0-0 6. c4 dxc4 7. Ne5 Nc6 8. Nxc6 bxc6 9. Bxc6 Rb8 10. e3 Bb7 11. Bxb7 Rxb7 12. Qc2 c5 13. dxc5 Qd5 14. Na3 c3 15. Qxc3 Ne4 16. Qc4 Nxc5 17. Qxd5 exd5 18. Rd1 Rd8 19. b3 Bf6 20. Rb1 d4 21. exd4 Rxd4 22. Be3 Rxd1+ 23. Rxd1 Ne6 24. Nc4 Kf8 25. f4 Rc7 26. Rd5 g6 27. g4 Be7 28. f5 Nd8 29. Kg2 Nc6 30. Bc5 Nb4 31. Bxb4 Bxb4 32. f6 Ke8 33. a3 Bc5 34. g5 a5 35. h4 Rc8 36. Kf3 Bxa3 37. Re5+ 1-0

[Event "Mittelfranken-chTB1 1314"]
[Site "Mittelfranken"]
[Date "2013.12.01"]
[Round "3.6"]
[White "Pranschke, Gerd"]
[Black "Mueller, Ralf Reiner"]
[Result "0-1"]
[WhiteElo "1956"]
[BlackElo "1961"]
[PlyCount "32"]
[EventDate "2013.10.20"]
[EventType "team-tourn"]
[EventRounds "9"]
[EventCountry "GER"]
[SourceTitle "EXT 2020"]
[Source "ChessBase"]
[SourceDate "2019.10.17"]
[SourceVersion "1"]
[SourceVersionDate "2019.10.17"]
[SourceQuality "1"]
[WhiteTeam "Nuernberg NT III"]
[BlackTeam "Erlangen SC II"]
[WhiteTeamCountry "GER"]
[BlackTeamCountry "GER"]

1. e4 Nf6 2. e5 Nd5 3. d4 d6 4. c4 Nb6 5. exd6 exd6 6. Bd3 Nc6 7. Be3 Be7 8. Nf3 Bg4 9. Nbd2 0-0 10. h3 Bh5 11. Nb3 Nb4 12. g4 Nxd3+ 13. Qxd3 Bg6 14. Qe2 f5 15. 0-0-0 Qd7 16. Ne1 Qa4 0-1

[Event "Mittelfranken-chTB1 1314"]
[Site "Mittelfranken"]
[Date "2013.11.17"]
[Round "2.5"]
[White "Leonhardt, Frank"]
[Black "Mueller, Ralf Reiner"]
[Result "0-1"]
[WhiteElo "1879"]
[BlackElo "1961"]
[PlyCount "56"]
[EventDate "2013.10.20"]
[EventType "team-tourn"]
[EventRounds "9"]
[EventCountry "GER"]
[SourceTitle "EXT 2020"]
[Source "ChessBase"]
[SourceDate "2019.10.17"]
[SourceVersion "1"]
[SourceVersionDate "2019.10.17"]
[SourceQuality "1"]
[WhiteTeam "Schwanstetten"]
[BlackTeam "Erlangen SC II"]
[WhiteTeamCountry "GER"]
[BlackTeamCountry "GER"]

1. e4 Nf6 2. Nc3 d5 3. exd5 Nxd5 4. Nxd5 Qxd5 5. Nf3 Bg4 6. Be2 Nc6 7. 0-0 0-0-0 8. d3 e5 9. Re1 f6 10. Be3 h5 11. Nd2 Qd7 12. h3 Bxe2 13. Qxe2 Bb4 14. Red1 Bxd2 15. Qxd2 g5 16. b4 g4 17. h4 f5 18. Bg5 f4 19. Bxd8 Qxd8 20. g3 Nd4 21. Kh1 Qd5+ 22. f3 fxg3 23. c4 Qd8 24. Qg5 Qxg5 25. hxg5 gxf3 26. c5 Rg8 27. Rac1 Rxg5 28. Re1 f2 0-1

[Event "Mittelfranken-chTB2a 0910"]
[Site "Mittelfranken"]
[Date "2009.10.11"]
[Round "1.7"]
[White "Mueller, Ralf Reiner"]
[Black "Bonaventura, Stefan"]
[Result "1-0"]
[WhiteElo "2010"]
[BlackElo "1554"]
[PlyCount "81"]
[EventDate "2009.10.11"]
[EventType "team-tourn"]
[EventRounds "9"]
[EventCountry "GER"]
[SourceTitle "EXT 2011"]
[Source "ChessBase"]
[SourceDate "2010.11.26"]
[SourceVersion "1"]
[SourceVersionDate "2010.11.26"]
[SourceQuality "1"]
[WhiteTeam "Erlangen SC II"]
[BlackTeam "Buechenbach/Roth III"]
[WhiteTeamCountry "GER"]
[BlackTeamCountry "GER"]

1. e4 e5 2. f4 d6 3. Bc4 Nf6 4. Nc3 Be7 5. Nf3 Bg4 6. fxe5 Bxf3 7. Qxf3 dxe5 8. d3 0-0 9. Be3 c6 10. 0-0 Nbd7 11. g4 Nb6 12. g5 Nxc4 13. gxf6 Bxf6 14. dxc4 b6 15. b4 Bg5 16. Rad1 Bxe3+ 17. Qxe3 Qe7 18. c5 bxc5 19. Qxc5 Qg5+ 20. Kh1 a6 21. Rf5 Qh4 22. Qxe5 g6 23. Rf4 Qh6 24. Qf6 Rae8 25. Rd6 Rc8 26. Rd7 Qg7 27. e5 g5 28. Rf5 h6 29. Ne4 Rce8 30. Rd6 Kh7 31. Rxc6 Rb8 32. c3 a5 33. a3 axb4 34. cxb4 Ra8 35. Ra6 Rac8 36. Nc5 Rcd8 37. Rd6 Qxf6 38. Rfxf6 Rxd6 39. exd6 Kg7 40. Rf3 Rd8 41. d7 1-0